000
00402nam a2200145Ia 4500
008
090122s9999 xx 000 0 und d
082
_b
7070
_a
627.8
100
_a
रॉय
_b
अरुंधती
245
_a
बहुजन हिताय
600
_a
रॉय
630
_a
बहुजन हिताय
700
_a
रॉय
730
_a
बहुजन हिताय
942
_c
BOOK
999
_c
31147
_d
31147